| 000 | 00798nam a2200193 a 4500 | ||
|---|---|---|---|
| 001 | 000259512 | ||
| 003 | AM-YeHGA | ||
| 005 | 20250618071735.0 | ||
| 008 | 030908s1982 ai 000 | arm d | ||
| 040 | _aAM-YeHGA | ||
| 100 | 1 |
_aԲեյլերյան, Հրաչյա Հայկի, _d1952-2013 _92792 |
|
| 245 | 1 | 0 |
_aՀարթավայրի սիրտը : _b[Բանաստեղծություններ] / _cՄ. Բեյլերյան; Խմբ.՝ Դ.Մ. Սարգսյան. |
| 260 |
_aԵրևան : _bՍովետական գրող, _c1982. |
||
| 300 |
_a34 էջ ; _c17 սմ. |
||
| 440 | 0 | _aԵրիտասարդ ձայներ | |
| 650 | 1 | 4 |
_aՀայ գրականություն _xՊոեզիա |
| 700 | 1 |
_aՍարգսյան, Դավիթ Մկրտչի, _g(Դավիթ Մկր-Սարգսյան), _d1957- _eխմբ. _4edt _93377 |
|
| 090 | _c95012 | ||
| 999 |
_c93712 _d93712 |
||